[Event "COL-ch Seniors"]
[Site "Bucaramanga"]
[Date "2013.09.28"]
[Round "5"]
[White "Rey, Luis Hernando"]
[Black "Villamizar, Jose Luis"]
[Result "1-0"]
[WhiteElo "1736"]
[BlackElo "1576"]
[PlyCount "87"]
[EventDate "2013.09.26"]
[EventType "swiss"]
[EventRounds "7"]
[EventCountry "COL"]
[SourceTitle "CBM 156 Extra"]
[Source "ChessBase"]
[SourceDate "2013.10.22"]
[SourceVersion "1"]
[SourceVersionDate "2013.10.22"]
[SourceQuality "1"]

1. e4 e5 2. Nf3 Nc6 3. Bb5 d6 4. 0-0 Bg4 5. h3 Bxf3 6. Qxf3 Qf6 7. Qg3 Nge7 8. Nc3 Qg6 9. Qe3 a6 10. Bxc6+ bxc6 11. d3 f5 12. f4 h6 13. fxe5 dxe5 14. exf5 Nxf5 15. Qxe5+ Ne7 16. Qxc7 Rc8 17. Qe5 Kd8 18. Be3 Kd7 19. Ne4 Re8 20. Qd4+ Nd5 21. c4 Qh5 22. cxd5 Qxd5 23. Bf2 Qxd4 24. Bxd4 Rg8 25. Rf7+ Ke6 26. Ra7 Kd5 27. Rc1 Kxd4 28. Rd7+ Ke5 29. Rxc6 a5 30. Rc4 Kf5 31. Kf2 Kg6 32. Rc6+ Kh7 33. Nf6+ Kh8 34. Nxe8 Bc5+ 35. Rxc5 Rxe8 36. Rxa5 Re6 37. Raa7 Rg6 38. a4 Rf6+ 39. Ke2 Re6+ 40. Kd2 Rg6 41. g4 Rg5 42. b4 h5 43. gxh5 Kh7 44. b5 1-0

[Event "COL-ch Seniors"]
[Site "Bucaramanga"]
[Date "2013.09.28"]
[Round "6"]
[White "Villamizar, Jose Luis"]
[Black "Pena Mora, Carlos"]
[Result "1/2-1/2"]
[WhiteElo "1576"]
[BlackElo "1664"]
[PlyCount "137"]
[EventDate "2013.09.26"]
[EventType "swiss"]
[EventRounds "7"]
[EventCountry "COL"]
[SourceTitle "CBM 156 Extra"]
[Source "ChessBase"]
[SourceDate "2013.10.22"]
[SourceVersion "1"]
[SourceVersionDate "2013.10.22"]
[SourceQuality "1"]

1. e4 c5 2. Bc4 e6 3. e5 d5 4. Bb5+ Bd7 5. Bxd7+ Nxd7 6. Nf3 Ne7 7. 0-0 Nc6 8. Re1 g6 9. c3 d4 10. cxd4 cxd4 11. d3 Bg7 12. Bg5 Qc7 13. Bf4 0-0 14. Na3 Ndxe5 15. Rc1 Nxf3+ 16. Qxf3 e5 17. Bg3 a6 18. Nc4 Rfe8 19. a3 Rac8 20. Qd5 Rcd8 21. Qc5 Bf8 22. Qb6 Qxb6 23. Nxb6 f5 24. Bh4 Be7 25. Bxe7 Rxe7 26. Nc4 e4 27. dxe4 fxe4 28. b4 d3 29. Rcd1 b5 30. Nd2 Rde8 31. Nb3 Rd7 32. Re3 Kf7 33. Kf1 Rd5 34. Nc5 Rd4 35. Nb3 Rc4 36. Nd2 Rd4 37. h3 a5 38. Rc1 Re6 39. f3 axb4 40. fxe4 bxa3 41. Rf3+ Ke7 42. Kf2 a2 43. Ke3 Ra4 44. Rff1 Ne5 45. Rc7+ Kd6 46. Rcc1 Ra3 47. Ra1 Kc5 48. Nb1 Ra7 49. Nc3 Rea6 50. Rfc1 b4 51. Na4+ Kb5 52. Rc5+ Kxa4 53. Rxa2+ Kb3 54. Rxa6 Rxa6 55. Rxe5 Rd6 56. Kd2 Kb2 57. Rb5 b3 58. e5 Ra6 59. Kxd3 Ka2 60. Kc3 Rc6+ 61. Kd4 b2 62. Kd5 Rc2 63. e6 b1Q 64. Rxb1 Kxb1 65. e7 Re2 66. Kd6 Kc2 67. Kd7 Kd3 68. e8Q Rxe8 69. Kxe8 1/2-1/2

[Event "COL-ch Seniors"]
[Site "Bucaramanga"]
[Date "2013.09.27"]
[Round "4"]
[White "Villamizar, Jose Luis"]
[Black "Aristizabal Lopez, Jorge Alberto"]
[Result "0-1"]
[WhiteElo "1576"]
[BlackElo "1885"]
[PlyCount "68"]
[EventDate "2013.09.26"]
[EventType "swiss"]
[EventRounds "7"]
[EventCountry "COL"]
[SourceTitle "CBM 156 Extra"]
[Source "ChessBase"]
[SourceDate "2013.10.22"]
[SourceVersion "1"]
[SourceVersionDate "2013.10.22"]
[SourceQuality "1"]

1. e4 c5 2. Bc4 d6 3. h3 Nf6 4. d3 e6 5. Nc3 a6 6. a3 b5 7. Ba2 Bb7 8. Nf3 Be7 9. 0-0 0-0 10. Be3 d5 11. exd5 exd5 12. Bf4 h6 13. Re1 Bd6 14. Bh2 d4 15. Ne4 Nxe4 16. dxe4 Bxh2+ 17. Nxh2 Nd7 18. Ng4 Nf6 19. f3 Nxg4 20. hxg4 Qg5 21. b4 Rad8 22. e5 c4 23. Qc1 Rfe8 24. Qxg5 hxg5 25. Bb1 Rd5 26. a4 Rexe5 27. Rxe5 Rxe5 28. Kf2 Bc6 29. a5 f5 30. gxf5 Rxf5 31. c3 d3 32. Ba2 g4 33. Re1 gxf3 34. gxf3 Rxf3+ 0-1